| 000 | 00630nam a2200193Ia 4500 | ||
|---|---|---|---|
| 005 | 20230710125307.0 | ||
| 008 | 210716s1989 xx 000 0 und d | ||
| 020 | _a8769267410 | ||
| 040 | _cAIMIT LIBRARY | ||
| 041 | _aeng | ||
| 082 |
_a005.133 _21 _bJOUR |
||
| 100 |
_aJourdain, Robert. _9126211 |
||
| 245 |
_aC express : _b250 ready to run assembly language routines for Turbo C, Microsoft C, and quick C/ _cBy Robert Jourdain. |
||
| 250 | _a1st ed. | ||
| 260 |
_aNew Delhi : _bPHI Learning Pvt Ltd , _c1989. |
||
| 300 |
_axv,412p. _bPB _c23.5 cm |
||
| 650 |
_aC Programming. _9126212 |
||
| 942 |
_2ddc _cBK _e1st _k005.133 JOUR |
||
| 999 |
_c181874 _d181874 |
||